| 000 -LEADER |
| fixed length control field |
01008cam a22002417a 4500 |
| 003 - CONTROL NUMBER IDENTIFIER |
| control field |
OSt |
| 005 - DATE AND TIME OF LATEST TRANSACTION |
| control field |
20200317155529.0 |
| 008 - FIXED-LENGTH DATA ELEMENTS--GENERAL INFORMATION |
| fixed length control field |
080821s2009 nyua 001 0 eng d |
| 020 ## - INTERNATIONAL STANDARD BOOK NUMBER |
| International Standard Book Number |
9780817476779 (pbk.) |
| 082 04 - DEWEY DECIMAL CLASSIFICATION NUMBER |
| Classification number |
770.688 |
| Edition number |
22 |
| Item number |
SEA |
| 100 1# - MAIN ENTRY--PERSONAL NAME |
| Personal name |
Sease, Suzanne. |
| 245 14 - TITLE STATEMENT |
| Title |
The photographer's survival guide : |
| Remainder of title |
how to build and grow a successful business / |
| Statement of responsibility, etc |
Suzanne Sease and Amanda Sosa Stone. |
| 260 ## - PUBLICATION, DISTRIBUTION, ETC. (IMPRINT) |
| Place of publication, distribution, etc |
New York : |
| Name of publisher, distributor, etc |
Amphoto/Watson-Guptill, |
| Date of publication, distribution, etc |
c2009. |
| 300 ## - PHYSICAL DESCRIPTION |
| Extent |
xv, 208 p. : |
| Other physical details |
col. ill. ; |
| Dimensions |
24 cm. + |
| Accompanying material |
1 CD-ROM (4 3/4 in.) |
| 500 ## - GENERAL NOTE |
| General note |
"Includes bonus CD with 21 essential business forms"--Cover. |
| 500 ## - GENERAL NOTE |
| General note |
Includes index. |
| 505 0# - FORMATTED CONTENTS NOTE |
| Formatted contents note |
Establishing your style -- Presenting yourself -- Marketing -- Bidding the job -- Doing the job -- Keep marketing yourself -- Stock photography and creative outlets. |
| 650 #0 - SUBJECT ADDED ENTRY--TOPICAL TERM |
| Topical term or geographic name as entry element |
Photography |
| General subdivision |
Marketing. |
| 650 #0 - SUBJECT ADDED ENTRY--TOPICAL TERM |
| Topical term or geographic name as entry element |
Photography |
| General subdivision |
Business methods. |
| 650 #0 - SUBJECT ADDED ENTRY--TOPICAL TERM |
| Topical term or geographic name as entry element |
Photography |
| General subdivision |
Vocational guidance. |
| 700 1# - ADDED ENTRY--PERSONAL NAME |
| Personal name |
Sosa Stone, Amanda. |
| 942 ## - ADDED ENTRY ELEMENTS (KOHA) |
| Source of classification or shelving scheme |
|